000 00368 a2200145 4500
999 _c8586
_d8586
020 _a0798008490
050 _aPL8771 MAD1961
100 _aMadima, E.S.
_eauthor
245 _aMmanga mawelewele!
_cby E.S. Malima
264 _aJohannesburg:
_bEducum,
_c1961.
300 _a69p. :
500 _aA venda novel
650 _aFiction
_xVenda
942 _2lcc
_cBK
_h8771
_iMAD
_kPL